Vnitřní trh v roce 1991.
Názor vypracovaný ministerstvom obchodu a cestovného ruchu ČR na vývoj situácie na vnútornom trhu. Prvé poznatky z liberalizácie cien, z vývoja vzťahu medzi objemom príjmov a cenovou úrovňou spotrebných tovarov. Odhad vývoja dopytu v r. 1991.
Gespeichert in:
| Format: | Buchkapitel |
|---|---|
| Sprache: | Tschechisch |
| Schlagworte: | |
| Tags: |
Keine Tags, Fügen Sie das erste Tag hinzu!
|
MARC
| LEADER | 00000naa a2200000 4500 | ||
|---|---|---|---|
| 001 | r003018 | ||
| 005 | 20221125080313.8 | ||
| 041 | 0 | |a cze | |
| 044 | |a [CS] | ||
| 245 | 1 | 0 | |a Vnitřní trh v roce 1991. |
| 520 | |a Názor vypracovaný ministerstvom obchodu a cestovného ruchu ČR na vývoj situácie na vnútornom trhu. Prvé poznatky z liberalizácie cien, z vývoja vzťahu medzi objemom príjmov a cenovou úrovňou spotrebných tovarov. Odhad vývoja dopytu v r. 1991. | ||
| 610 | 2 | 0 | |a trh vnútorný |
| 610 | 2 | 0 | |a Čechy |
| 610 | 2 | 0 | |a 1991 |
| 610 | 2 | 0 | |a dopyt |
| 610 | 2 | 0 | |a príjmy obyvateľstva |
| 610 | 2 | 0 | |a ceny |